00981nam a2200301 a 4500001001000000003000400010005001700014008004100031020001500072040002500087082001800112100002100130245012500151250001200276260003200288300002800320500007600348504005400424534002200478650001200500650002400512650002900536650002300565650001300588650002600601700002800627700002400655000003659OSt20260114113658.0090713s2004 dr ac 001 0 spa d a847556187X aDO-SdBNPbspacBNPHU a613.96bH657d1 aHeiman, Julia R.10aDisfrutar el orgasmo : /cJulia R. Heinman, Josepb Lopicolo; traducción Juanjo Estrella ; ilustración Carles Baró. a3a. ed. aBarcelona :bOceano,c2004. a339 p. :bil. ;c22 cm. auna guía para exploral la sexualidad femenina e incrementar el placer aIncluye referencias bibliográficas (p. 337-339) aBecoming orgasmic 4aOrgasmo 4aRealciones sexuales 4aMujeresxConducta sexual 4aFantasias sexuales 0aParejas  4aSexoxInvestigaciones1 aEstrella, Juanjoetrad.1 aBaró, Carleseil.